00643nam a2200193Ia 4500008004100000020001500041082001500056100004800071245003500119250000800154260004200162300002800204500001900232600003400251650001500285942000700300952012700307999001500434240925s9999 xx 000 0 und d a8131711927 a621.382GOL aGoleniewski, Lillian; Jarrett ,Kitty Wilson 0aTelecommunications Essentials  a2nd aNew Delhi:bPearson Educationc,2007. axv,640p.bNAfPhotocopy aIncludes Index aTelecommunication Engineering aTechnology cBK 001040708ELaUITUbUITUd2008-03-03eStandard Booksg1040.00l0o621.382GOLpQ7381r2024-09-25 07:14:35w2024-09-25yBK c9880d9880